000
00291nam a22001337a 4500
008
170531b xxu||||| |||| 00| 0 eng d
020
_a
9780802142894
041
_a
eng
080
_a
94
100
_a
17
101
_a
SHH
245
_a
HAPPINESS A HISOTRY
_c
MCMAHON.D.M
942
_2
udc
_c
BK
999
_c
15167
_d
15167